000 005990000a22002170004500
003 LK-CoMWRAF
005 20230921151343.0
008 230817t1980 ||||| |||| 00| 0 eng d
020 _a0905762517
040 _aLK-CoMWRAF
_dLK-CoMWRAF
_eLK-CoMWRAF
041 _aeng
082 _a305.4
_bSAA
100 _aSaadawi, Nawal EI
245 _aThe Hidden Face of Eve:
_bWomen in the Arab World
260 _aLondon:
_bZed Books,
_c1980
300 _axvi, 212 p. ; 22 cm.
650 _aWOMEN-Arab countries
650 _aSex customs--Arab countries.
700 _aHetata, Sherif
_etrans.
942 _cBK
999 _c244
_d244